Politická a ekonomická integrácia na africkom kontinente bakalárska práca

Salvato in:
Dettagli Bibliografici
Autore principale: Belesová, Katarína
Ente Autore: Fakulta medzinárodných vzťahov EU. Katedra medzinárodných ekonomických vzťahov a hospodárskej diplomacie
Altri autori: Ščepán, Michal
Natura: Libro
Lingua:slovacco
Pubblicazione: Bratislava 2009
Tags: Aggiungi Tag
Nessun Tag, puoi essere il primo ad aggiungerne!!

MARC

LEADER 00000nam$a2200000$$$4500
001 0099721
005 20240318140904.5
041 0 |a slo 
044 |a SK 
245 1 0 |a Politická a ekonomická integrácia na africkom kontinente  |b bakalárska práca  |c Katarína Belesová ; škol. Michal Ščepán 
264 1 |a Bratislava  |c 2009 
300 |a 46 s. 
100 1 |a Belesová, Katarína 
700 1 |a Ščepán, Michal 
710 2 |a Fakulta medzinárodných vzťahov EU. Katedra medzinárodných ekonomických vzťahov a hospodárskej diplomacie